LEADER 00796nam0 2200241 450 001 000029079 005 20120828140004.0 010 $a88-13-22607-1 100 $a20120828d2000----km-y0itay50------ba 101 0 $aita 102 $aIT 200 1 $a<>piani di stock option$easpetti gestionali, valutativi e contabili$fClaudia Meo 210 $aPadova$cCEDAM$d2000 215 $aIX, 208 p.$d24 cm. 500 10$a<>piani di stock option$941372 610 1 $aCompartecipazione agli utili$aDirigenti aziendali$aIncentivi 676 $a331.2164$v21$9Retribuzioni a incentivo 700 1$aMeo,$bClaudia$0381661 801 0$aIT$bUNIPARTHENOPE$c20120828$gRICA$2UNIMARC 912 $a000029079 951 $a331-P/5$b43308$cNAVA1$d2012 996 $aPiani di stock option$941372 997 $aUNIPARTHENOPE LEADER 01126nam0 2200289 450 001 000038530 005 20140922160140.0 010 $a88-394-0443-0 100 $a20140922d1990----km-y0itaa50------ba 101 0 $aita 102 $aIT 200 1 $aRacconti di viaggio e di avventura dell'antico Egitto$fa cura di Maria Carmela Betrò 210 $aBrescia$cPaideia$d1990 215 $a81 p.$d21 cm 225 2 $aTesti del Vicino Oriente antico$i1, Letteratura egiziana classica$v1 410 0$12001$aTesti del Vicino Oriente antico$i1, Letteratura egiziana classica$v1 606 1 $aLetteratura egiziana$xRacconti 676 $a893.1$v(22. ed.)$9Letteratura egiziana 702 1$aBetrò,$bMaria Carmela 801 0$aIT$bUniversità della Basilicata - B.I.A.$gREICAT$2unimarc 912 $a000038530 996 $aRacconti di viaggio e di avventura dell'antico Egitto$999781 997 $aUNIBAS BAS $aLETTERE CAT $aEXT017$b01$c20140922$lBAS01$h1601 FMT Z30 -1$lBAS01$LBAS01$mBOOK$1BASA1$APolo Storico-Umanistico$2DSLF$BCollezione DiSLF$3DF/E1631$61974$5F1974$820140922$f04$FPrestabile Didattica